Health Promotion / Foundations for Practice: Second Edition (Record no. 117)
[ view plain ]
| 000 -LEADER | |
|---|---|
| fixed length control field | 01523cam a22002174a 4500 |
| 005 - ΗΜΕΡΟΜΗΝΙΑ ΚΑΙ ΩΡΑ ΤΕΛΕΥΤΑΙΑΣ ΕΝΗΜΕΡΩΣΗΣ | |
| Πεδίο ελέγχου | 20250605163924.0 |
| 008 - FIXED-LENGTH DATA ELEMENTS--GENERAL INFORMATION | |
| Πεδίο ελέγχου σταθερού μήκους | 250528s ||||||||||||||||||||||||d |
| 035 ## - SYSTEM CONTROL NUMBER | |
| System control number | 14488 |
| 020 ## - ISBN | |
| ISBN | 702024481 |
| 040 ## - ΠΗΓΗ ΚΑΤΑΛΟΓΟΓΡΑΦΗΣΗΣ | |
| Φορέας πρωτότυπης καταλογογράφησης | MC Athens Campus Library |
| Γλώσσα καταλογογράφησης | Ελληνικά, Μοντέρνα (1453-) |
| Modifying agency | MC Athens Campus Library |
| Κανόνες περιγραφικής καταλογογράφησης | AACR2 |
| 245 1# - ΤΙΤΛΟΣ ΚΑΙ ΔΗΛΩΣΗ ΥΠΕΥΘΥΝΟΤΗΤΑΣ | |
| Τίτλος | Health Promotion / Foundations for Practice: Second Edition |
| 250 ## - EDITION STATEMENT | |
| Edition statement | 2nd |
| 260 ## - PUBLICATION, DISTRIBUTION, ETC. | |
| Name of publisher, distributor, etc. | Bailliere Tindall, |
| Date of publication, distribution, etc. | 2006 |
| 300 ## - PHYSICAL DESCRIPTION | |
| Extent | 400 |
| 520 ## - SUMMARY, ETC. | |
| Summary, etc. | This book aims to provide the theoretical framework which is vital if health promoters are to be clear about their intentions and desired outcomes when they embark on interventions designed to promote health. Preface, Introduction, The Theory of Health Promotion, Concepts of Health, Influences on Health, Measuring Health, Defining Health Promotion, Models and Approaches to Health Promotion, Ethical Issues in Health Promotion, The Politics of Health Promotion, Strategies and Methods, Partnerships for Health - Working Together, Public Health Work, Working with Communities and Community Development, Helping People to Change, Using the Mass Media in Health Promotion, Settings for Health Promotion, Health Promotion in the Workplace, Health Promotion in Schools, Health Promotion in Neighborhoods, Health Promotion in Primary Health Care and Hospitals, Working for Health Promotion, Assessing Health Needs, Planning Health Promotion Interventions, Evaluation in Health Promotion, Index. |
| 700 1# - ΠΡΟΣΘΕΤΗ ΑΝΑΓΡΑΦΗ--ΦΥΣΙΚΟ ΠΡΟΣΩΠΟ | |
| Personal name | Naidoo Jennie |
| 9 (RLIN) | 180 |
| 700 1# - ΠΡΟΣΘΕΤΗ ΑΝΑΓΡΑΦΗ--ΦΥΣΙΚΟ ΠΡΟΣΩΠΟ | |
| Personal name | Wills Jane |
| 9 (RLIN) | 181 |
| 942 ## - ADDED ENTRY ELEMENTS (KOHA) | |
| Koha item type | Books |
| Τύπος τεκμηρίου | Βιβλιοθήκη | Τρέχουσα τοποθεσία | Barcode | Αριθμός εισαγωγής | Ημερομηνία απόκτησης | Ταξιθετικό σύμβολο | Αριθμός αντιτύπου | Κατάσταση απόσυρσης | Κατάσταση χαμένου | Κατάσταση κατεστραμμένου | Μη δανεισμός | Σύνολο δανεισμών | Ημερομηνία τελευταίας εμφάνισης | Η τιμή ισχύει από |
|---|---|---|---|---|---|---|---|---|---|---|---|---|---|---|
| Books | MC Athens Campus Library | MC Athens Campus Library | 9780000001160 | 1166 | 05/06/2025 | 613 NAI | 1 | 05/06/2025 | 05/06/2025 |